| 000 | 00807cam a22002531 4500 | ||
|---|---|---|---|
| 001 | 4447 | ||
| 003 | BD-RjUL | ||
| 005 | 20211208233908.0 | ||
| 008 | 131222s1962 nyu 000 0 eng | ||
| 035 | _a(BD-RjUL)4482 | ||
| 035 | _a(OCoLC)506207 | ||
| 040 |
_aDLC _cOClU _dDLC _dBD-RjUL _beng |
||
| 041 | _aeng | ||
| 082 | 0 | 4 |
_a382.01 _218 _bWAM 1962 |
| 100 | 1 |
_aWasserman, Max Judd _914066 |
|
| 245 | 1 | 0 |
_aModern international economics : _ba balance of payments approach / _cMax J. Wasserman and Charles W. Hultman. |
| 260 |
_aNew York : _bSimmons-Boardman Pub. Corp., _cc1962. |
||
| 300 |
_a494p. : _bill. ; _c24cm. |
||
| 504 | _aIncludes bibliography. | ||
| 650 | 0 |
_aInternational economic relations _914067 |
|
| 700 | 1 |
_aHultman, Charles W., _ejt. auth. _914068 |
|
| 942 |
_2ddc _cBK |
||
| 999 |
_c4447 _d4447 |
||